JR東日本E257系0番台(松本車)駅名対照表クイズ - Statistics

General Stats
  • This quiz has been taken 18 times
  • The average score is 34 of 97
Answer Stats
番号 % Correct
01 普通
93%
05 特急
93%
07 快速
93%
03 臨時
87%
44 新宿
87%
85 回送
87%
02 試運転
80%
16 特急あずさ松本
80%
21 特急あずさ東京
80%
25 特急あずさ新宿
80%
27 特急かいじ甲府
80%
45 立川
80%
46 豊田
80%
47 八王子
80%
52 松本
80%
04 団体
73%
13 特急あずさ南小谷
73%
19 特急あずさ甲府
73%
43 東京
73%
49 大月
73%
50 甲府
73%
51 小淵沢
73%
06 急行
67%
14 特急あずさ白馬
67%
23 特急あずさ千葉
67%
31 特急かいじ東京
67%
48 高尾
67%
54 青梅
67%
22 特急あずさ長野
60%
28 特急かいじ新宿
60%
15 特急あずさ信濃大町
53%
17 特急あずさ上諏訪
53%
32 特急かいじ大月
53%
33 特急かいじ千葉
53%
90 特急あずさ八王子
53%
99 特急かいじ八王子
53%
26 特急かいじ松本
47%
53 拝島
47%
88 特急あずさ立川
47%
89 特急かいじ立川
47%
59 ホームライナー
40%
30 特急かいじ小淵沢
33%
78 中央ライナー(全車指定席)
33%
74 中央ライナー高尾(全車指定席)
27%
76 中央ライナー東京(全車指定席)
27%
77 中央ライナー新宿(全車指定席)
27%
84 青梅ライナー(全車指定席)
27%
24 特急あずさ横浜
20%
36 湘南ライナー
20%
56 大宮
20%
75 中央ライナー八王子(全車指定席)
20%
79 青梅ライナー青梅(全車指定席)
20%
80 青梅ライナー新宿(全車指定席)
20%
81 青梅ライナー東京(全車指定席)
20%
82 青梅ライナー新宿
20%
83 青梅ライナー東京
20%
91 特急あずさ中野
20%
18 特急あずさ辰野
13%
62 品川
13%
67 快速長野
13%
68 快速信濃大町
13%
70 快速松本
13%
71 快速南小谷
13%
72 快速白馬
13%
73 中央ライナー大月(全車指定席)
13%
92 特急かいじ中野
13%
08 急行アルプス白馬
7%
09 急行アルプス信濃大町
7%
10 急行アルプス松本
7%
11 急行アルプス南小谷
7%
12 急行アルプス新宿
7%
37 湘南ライナー東京
7%
40 湘南ライナー小田原
7%
57 古河
7%
58 鴻巣
7%
60 小田原
7%
61 横浜
7%
86 おはようライナー新宿
7%
87 ホームライナー小田原
7%
20 特急あずさ甲府・竜王
0%
29 特急かいじ甲府・竜王
0%
34 特急かいじ・ほたる祭り辰野
0%
35 湘南新宿ライナー
0%
38 湘南ライナー品川
0%
39 湘南ライナー平塚
0%
41 湘南新宿ライナー新宿
0%
42 湘南新宿ライナー小田原
0%
63 特急ウイングエクスプレス
0%
64 アルペン白馬
0%
65 シュプール白馬
0%
69 快速直江津
0%
93 特急風林火山長野
0%
94 快速風林火山長野
0%
95 快速風林火山甲府
0%
96 特急風林火山甲府
0%
97 快速風林火山新宿
0%
98 特急風林火山新宿
0%
No matching quizzes found
Score Distribution
Percent of People with Each Score
Percentile by Number Answered
Your Score History
You have not taken this quiz